Seleções da Copa do Mundo da FIFA de 2006 - Statistics

Estatísticas Gerais
  • Esse quiz foi jogado 200 vezes
  • A pontuação média é 25 de 32
Estatísticas das Respostas
Grupo Time % Correto
Grupo F Brasil
100%
Grupo C Argentina
99%
Grupo A Alemanha
98%
Grupo G França
96%
Grupo E Itália
96%
Grupo D Portugal
96%
Grupo H Espanha
95%
Grupo F Japão
95%
Grupo G Coreia do Sul
91%
Grupo E Estados Unidos
90%
Grupo D México
89%
Grupo F Austrália
88%
Grupo B Inglaterra
88%
Grupo G Suíça
87%
Grupo B Paraguai
86%
Grupo A Equador
84%
Grupo E Gana
83%
Grupo C Holanda
83%
Grupo A Costa Rica
81%
Grupo B Suécia
80%
Grupo F Croácia
79%
Grupo C Costa do Marfim
73%
Grupo A Polônia
72%
Grupo D Irã
70%
Grupo H Ucrânia
67%
Grupo H Arábia Saudita
64%
Grupo G Togo
58%
Grupo H Tunísia
57%
Grupo E República Tcheca
54%
Grupo B Trinidad e Tobago
52%
Grupo D Angola
51%
Grupo C Sérvia e Montenegro
42%
Nenhum quiz correspondente encontrado
Distribuição das Pontuações
Porcentagem de Pessoas com Cada Pontuação
Percentil de Números Respondidos
Sua Pontuação Histórica
Você não jogou esse quiz